logo

Bir Sreshtho Munshi Abdur Rouf Library
Jhenaidah Cadet College

40 Hadiths : (Record no. 10308)

MARC details
000 -LEADER
fixed length control field 00705nam a2200253 a 4500
001 - CONTROL NUMBER
JCCL Control Number 10308
003 - CONTROL NUMBER IDENTIFIER
JCCL marc code BD-JhCC
005 - DATE AND TIME OF LATEST TRANSACTION
control field 20220307134020.0
008 - FIXED-LENGTH DATA ELEMENTS--GENERAL INFORMATION
fixed length control field 180423s2016 bg a|||| |||| 000 0 mul d
020 ## - INTERNATIONAL STANDARD BOOK NUMBER
International Standard Book Number 9789848471425
035 ## - SYSTEM CONTROL NUMBER
system control number (BD-JhCC)10308
040 ## - CATALOGING SOURCE
Original cataloging agency BD-JhCC
Modifying agency BD-JhCC
041 ## - LANGUAGE CODE
Language code of Book eng and arabic
082 ## - DEWEY DECIMAL CLASSIFICATION NUMBER
Classification number 297.124
Author mark and Year KAN 2016
100 ## - MAIN ENTRY--PERSONAL NAME
Personal name Kandemir, Dr. M. Yasar
245 ## - TITLE STATEMENT
Title 40 Hadiths :
Remainder of title For Children With Stories /
Statement of responsibility, etc Dr. M. Yasar Kandemir,
260 ## - PUBLICATION, DISTRIBUTION, ETC. (IMPRINT)
Place of publication, distribution, etc Dhaka :
Name of publisher, distributor, etc Bangladesh Institute of Islamic Thought (BIIT),
Date of publication, distribution, etc 2016.
300 ## - PHYSICAL DESCRIPTION
Pagination 104 p. :
Other physical details ill. ;
Dimensions 21 cm.
650 ## - SUBJECT ADDED ENTRY--TOPICAL TERM
Topical term or geographic name as entry element Hadith
650 ## - SUBJECT ADDED ENTRY--TOPICAL TERM
Topical term or geographic name as entry element Islam
650 ## - SUBJECT ADDED ENTRY--TOPICAL TERM
Topical term or geographic name as entry element Collection of hadith
942 ## - ADDED ENTRY ELEMENTS (KOHA)
Source of classification or shelving scheme Dewey Decimal Classification
Koha item type Books
Koha issues (borrowed), all copies 4
Holdings
Source of classification or shelving scheme Damaged status Not for loan Home library Current library Shelving location Date of accession Cost, normal purchase price Total Checkouts Full call number Barcode Date last seen Date checked out Copy number Koha item type
Dewey Decimal Classification     JCC Rouf Library JCC Rouf Library General Stacks 04/23/2018 120.00 3 297.124 KAN 2016 13585 10/04/2022 03/06/2022 C-1 Books
Dewey Decimal Classification     JCC Rouf Library JCC Rouf Library General Stacks 04/23/2018 120.00 2 297.124 KAN 2016 13572 02/16/2019 01/12/2019 C-2 Books
Dewey Decimal Classification     JCC Rouf Library JCC Rouf Library General Stacks 06/10/2021 72.00   297.124 KAN 2016 16892 02/17/2022   C-3 Books

JCC Library | Contacts | JCC Home

Last Update on 23 September 2017
Copyright @ 2017-2020 JCC Rouf Library
Rouf Library, Jhenidah Cadet College (JCC), Bangladesh